| 000 | 00751nam a2200229Ia 4500 | ||
|---|---|---|---|
| 003 | GCL | ||
| 008 | 140319s9999 xx 000 0 ara d | ||
| 040 |
_aGCL / _cGCL |
||
| 082 | 0 | 4 |
_a320.5 _bج ب |
| 100 | 1 | _aجورباتشوف | |
| 245 | 1 | 0 |
_aالبيريسترويكا000 تفكير جديد لبلادنا والعالم / _cجورباتشوف |
| 700 | 1 | _aمحمد المعلم(مراجع) | |
| 700 | 1 | _aحمدى عبدالجواد | |
| 260 |
_a[S.N] : _bدار الشروق ، _c1990 |
||
| 300 | _a310 ص | ||
| 490 | _a | ||
| 650 | 0 | 4 | _aالاحوال الاجتماعية |
| 650 | 0 | 4 | _aالاتحاد السوفيتى |
| 650 | 0 | 4 | _aالاحوال الاقتصادية |
| 650 | 0 | 4 | _aالعلاقات الخارجية |
| 942 |
_2ddc _cBK |
||
| 999 |
_c32004 _d32004 |
||